Credit risk analytics : measurement techniques, applications, and examples in SAS /

Bibliographic Details
Main Authors: Baesens, Bart, (Author), Rosch, Daniel, 1968- (Author), Scheule, Harald, (Author)
Format: eBook
Language:English
Published: Hoboken, New Jersey : Wiley, 2016.
Series:Wiley and SAS business series.
Subjects:
Online Access:Click to View
LEADER 02043nam a2200493 i 4500
001 EBC4694230
003 MiAaPQ
005 20200520144314.0
006 m o d |
007 cr cnu||||||||
008 161007t20162016nju ob 001 0 eng d
020 |z 9781119143987 
020 |a 9781119278344  |q (electronic bk.) 
035 |a (MiAaPQ)EBC4694230 
035 |a (Au-PeEL)EBL4694230 
035 |a (CaPaEBR)ebr11269783 
035 |a (CaONFJC)MIL957433 
035 |a (OCoLC)954720033 
040 |a MiAaPQ  |b eng  |e rda  |e pn  |c MiAaPQ  |d MiAaPQ 
050 4 |a HG3751  |b .B347 2016 
082 0 |a 332.10285/555  |2 23 
100 1 |a Baesens, Bart,  |e author. 
245 1 0 |a Credit risk analytics :  |b measurement techniques, applications, and examples in SAS /  |c Bart Baesens, Daniel Rosch, Harald Scheule. 
264 1 |a Hoboken, New Jersey :  |b Wiley,  |c 2016. 
264 4 |c 2016 
300 |a 1 online resource (583 pages). 
336 |a text  |2 rdacontent 
337 |a computer  |2 rdamedia 
338 |a online resource  |2 rdacarrier 
490 1 |a Wiley & SAS Business Series 
504 |a Includes bibliographical references at the end of each chapters and index. 
588 |a Description based on print version record. 
590 |a Electronic reproduction. Ann Arbor, MI : ProQuest, 2016. Available via World Wide Web. Access may be limited to ProQuest affiliated libraries. 
630 0 0 |a SAS (Computer file) 
650 0 |a Credit  |x Management  |x Data processing. 
650 0 |a Risk management  |x Data processing. 
650 0 |a Bank loans  |x Data processing. 
655 4 |a Electronic books. 
700 1 |a Rosch, Daniel,  |d 1968-  |e author. 
700 1 |a Scheule, Harald,  |e author. 
776 0 8 |i Print version:  |a Baesens, Bart.  |t Credit risk analytics.  |d Hoboken, New Jersey : Wiley, c2016   |h approximately 583 pages   |k Wiley and SAS business series.  |z 9781119143987   |w 2016024803 
797 2 |a ProQuest (Firm) 
830 0 |a Wiley and SAS business series. 
856 4 0 |u https://ebookcentral.proquest.com/lib/matrademy/detail.action?docID=4694230  |z Click to View